| 000 | 00399nam a22001697a 4500 | ||
|---|---|---|---|
| 003 | OSt | ||
| 005 | 20211112111449.0 | ||
| 008 | 211112b |||||||| |||| 00| 0 eng d | ||
| 020 | _a0112427154 | ||
| 040 | _cHAWASSA UNIVERSITY | ||
| 050 |
_a636.2/DAI _b1 |
||
| 082 |
_a636.2/DAI _b1 |
||
| 245 | _aDAIRY HERD FERTILITY | ||
| 260 |
_aLONDON _bPRESENTED _c1984 |
||
| 300 | _a80 | ||
| 942 |
_2ddc _cBOOKS _n0 |
||
| 999 |
_c17941 _d17941 |
||